[Event "NED-ch50"]
[Site "Amsterdam"]
[Date "1995.06.14"]
[Round "5"]
[White "Van der Sterren, Paul"]
[Black "Reinderman, Dimitri"]
[Result "0-1"]
[WhiteElo "2560"]
[BlackElo "2440"]
[Annotator "Dautov,R"]
[PlyCount "132"]
[EventDate "1995.06.09"]
[EventType "tourn"]
[EventRounds "11"]
[EventCountry "NED"]
[EventCategory "11"]
[SourceTitle "CBM 048"]
[Source "ChessBase"]
[SourceDate "1995.10.01"]
[SourceVersion "1"]
[SourceVersionDate "1995.10.01"]
[SourceQuality "1"]

1. d4 f5 2. g3 Nf6 3. Bg2 g6 4. c4 Bg7 5. Nc3 O-O 6. Nf3 d6 7. O-O Qe8 8. d5
Na6 9. Rb1 Bd7 10. b4 c6 11. dxc6 bxc6 12. a3 Nc7 13. Bb2 Ne6 (13... Rb8 14. c5
dxc5 15. bxc5 Ng4 $1 $132) 14. e3 (14. Na4 $5 c5 (14... a5 15. Nb6 $14) 15. b5
f4 (15... g5 $5 16. Nc3 Qh5 17. Nd5 Rae8 $13) 16. Nc3 g5 17. Nd5 Rb8 $6 (17...
Rd8 $142 {Gurevich,M}) 18. Bh3 $1 h6 19. Qd3 Kh8 20. Bxf6 $1 Bxf6 21. a4 fxg3
22. hxg3 Qf7 $13 {Antunes,A-Gurevich,M/Strasbourg 1994}) (14. Qd3 Rd8 15. e3
Bc8 16. Rfd1 g5 $5 17. Qxf5 Qh5 18. Qc2 g4 19. Nh4 Ng5 20. Bxc6 Nh3+ 21. Kh1
Nd7 22. Bd5+ Kh8 23. Rf1 Ne5 $44 {Stangl,M-Kindermann,S/Altensteig 1992}) 14...
Qf7 $2 (14... Rd8 15. Qa4 c5 16. Qa5 cxb4 17. axb4 $14 {><a7}) (14... g5 {>=}
15. c5 $5 dxc5 16. Ne5 $1 cxb4 17. axb4 Rb8 18. Nxd7 Qxd7 19. Qxd7 Nxd7 20.
Bxc6 Nb6 $10) 15. c5 $1 Ne4 (15... dxc5 $2 16. Ne5 Qe8 17. Nxd7 Qxd7 18. Qxd7
Nxd7 19. Bxc6 Rad8 20. Bd5 Kf7 21. Nb5 $1 Bxb2 22. Nc7 $1 Bxa3 23. Nxe6 $16)
16. Nxe4 fxe4 17. Nd2 Ng5 (17... Bxb2 18. Rxb2 d5 $2 19. Nxe4 $16) 18. Nxe4 (
18. Bxg7 Kxg7 19. Nxe4 Nxe4 20. Bxe4 Bh3 21. Bg2 Bxg2 22. Kxg2 dxc5 23. bxc5
Rad8 24. Qc2 Qf3+ 25. Kg1 $16) 18... Nxe4 19. Bxe4 Bh3 20. Bxg7 Kxg7 21. Qd4+
$1 e5 (21... Kg8 22. cxd6 Bxf1 23. Rxf1 exd6 24. Bxc6 $18) 22. Qxd6 Bxf1 23.
Rxf1 Qf6 24. Qxc6 Qxc6 25. Bxc6 $18 Rad8 26. Be4 Rd2 27. c6 Rc8 28. Rc1 Rc7 29.
Rc5 Kf6 30. Kg2 Ke6 31. g4 Kd6 32. g5 Re7 33. Kg3 Kc7 34. a4 a6 (34... Ra2 35.
Ra5 Kb6 36. Rb5+ Kc7 37. a5 $18) 35. h4 (35. b5 Ra2 $1 (35... axb5 $2 36. Rxb5
Ra2 37. a5 $18) (35... Kb6 $2 36. Rc4 {/\a5} Rc7 (36... axb5 37. c7 $1 Rxc7 38.
a5+ $18) 37. Rb4 Kc5 38. b6 Rxc6 39. b7 $18) 36. bxa6 (36. Rc4 axb5 37. axb5
Rb2 38. Rc5 Kb6 $14) 36... Rxa4 37. Bd3 Kd6 38. Rc3 Rc7 39. Bb5 Ra5 $14) 35...
Ra2 36. Ra5 $2 (36. a5 $1 Ra4 37. Rc4 (37. Bd3 $2 Rxb4 38. Bxa6 Kd6 $14) 37...
Kd6 38. Kg4 Ra2 39. f4 exf4 40. exf4 Ra1 41. h5 Rg1+ 42. Kh4 Rf1 43. hxg6 Rxf4+
44. Kg3 Rexe4 45. Rxe4 Rxe4 46. gxh7 Re8 47. g6 $18) 36... Kb6 37. Bd3 Ra7 $132
{><b4,a4,Ra5} 38. Bc4 Ra1 (38... Rb2 $5) 39. h5 gxh5 40. Rxe5 Rxa4 41. f4 Rxb4
$13 42. Bg8 $2 (42. Bd5 $142) 42... a5 43. Re6 Rg7 44. Re8 Kxc6 $17 45. Kh4 Rb1
46. Kxh5 Rh1+ 47. Kg4 h6 48. Kf5 hxg5 49. Kf6 Ra7 50. fxg5 Rf1+ 51. Ke5 $2 (51.
Kg6 $142) 51... Rg7 $19 52. Bd5+ Kd7 53. Ra8 Rxg5+ 54. Ke4 Ra1 55. Bf7 Ke7 56.
Ra7+ Kf6 $2 (56... Kd6 $1) 57. Bb3 Rb5 58. Ra6+ Kg5 $2 (58... Ke7) 59. Bd5 Ra3
60. Kd4 Rb4+ 61. Kc5 Rb8 62. e4 Kf4 63. Rf6+ Ke3 64. e5 $2 (64. Ra6 $142 $17)
64... Rc3+ 65. Kd6 Rd8+ 66. Ke6 Rc5 0-1

[Event "Ter Apel"]
[Site "Ter Apel"]
[Date "1994.??.??"]
[Round "5"]
[White "Van der Sterren, Paul"]
[Black "Nikolic, Predrag"]
[Result "1/2-1/2"]
[WhiteElo "2605"]
[BlackElo "2625"]
[Annotator "Dautov,R"]
[PlyCount "85"]
[EventDate "1994.03.??"]
[EventType "tourn"]
[EventRounds "5"]
[EventCountry "NED"]
[EventCategory "15"]
[SourceTitle "CBM 040"]
[Source "ChessBase"]
[SourceDate "1994.06.01"]
[SourceVersion "1"]
[SourceVersionDate "1994.06.01"]
[SourceQuality "1"]

1. d4 f5 2. g3 Nf6 3. Bg2 d6 4. Nf3 g6 5. O-O Bg7 6. c4 O-O 7. Nc3 Qe8 8. d5 a5
9. Nd4 (9. Ne1 $5) 9... Na6 10. e4 fxe4 11. Nxe4 Nxe4 12. Bxe4 Bh3 13. Re1 Nc5
14. Bh1 Qf7 15. Be3 Rae8 16. Qd2 e5 $5 {N} (16... b6 17. b3 Kh8 18. Rac1 Bd7
19. h4 Qf6 20. Ne2 e6 21. dxe6 Nxe6 22. Bg2 Qb2 23. Rc2 Qf6 $10 {
Akopian-Vyzmanavin/Novosibirsk/1993}) 17. dxe6 (17. Nb3 Nxb3 18. axb3 b6 19. b4
axb4 20. Qxb4 Bh6 $1 21. Qd2 Bxe3 22. Rxe3 Ra8 $10) (17. Nb5 b6 18. Nc3 e4 $1
19. Bxc5 bxc5 20. Rxe4 (20. Nxe4 Bd4 $36 {/\Re4}) 20... Rxe4 21. Nxe4 Bd4 22.
Re1 a4 $44) 17... Nxe6 18. Nxe6 (18. Bxb7 $2 Bxd4 19. Bxd4 c5 $19) 18... Bxe6
19. Rac1 (19. Qxa5 $6 b6 20. Qd2 Bxc4 $15) (19. Bxb7 $6 Rb8 20. Bd5 Bxd5 21.
Qxd5 Qxd5 22. cxd5 Rxb2 $10) 19... b6 20. b3 Kh8 $10 21. Bf4 Bd7 (21... a4 $5
22. Bc6 Bd7 23. Bd5 Qf6 24. b4 a3 $10 {/\Qb2}) 22. h4 Qf5 (22... a4 $5) 23. a3
Rxe1+ (23... Qc5 $5 24. b4 axb4 25. axb4 Qd4 $10) 24. Rxe1 Re8 25. Rxe8+ Bxe8
26. Qe1 Qd7 (26... Bd7 $2 27. Qe7 Bf8 28. Qd8 $16) 27. Bd5 Bf7 28. Bxf7 (28.
Qe4 $1 {>=} Bxd5 29. cxd5 $14 Qf7 (29... b5 30. a4 bxa4 31. bxa4 $14) 30. a4 h5
31. Kg2 $14) 28... Qxf7 29. Qe4 h5 30. a4 Kh7 31. Kg2 (31. Bg5 Qd7 {/\c6,d5}
32. Qe7 Qxe7 33. Bxe7 Bd4 34. Bd8 c6 $10) 31... Bh6 $1 $10 32. Qd5 (32. Bg5
Bxg5 33. hxg5 Qd7 $10 {/\c6,d5}) 32... Qxd5+ 33. cxd5 Bxf4 34. gxf4 Kg7 35. Kf3
Kf7 (35... Kf6 36. Ke4 Kf7 37. f5 Kf6 38. fxg6 Kxg6 39. f4 Kf6 40. f5 Kg7 41.
Ke3 Kf7 42. Kf4 Kf6 43. Ke4 Kg7 $10) 36. Ke4 Kf6 37. Ke3 (37. f3 Kf7 38. f5 Kf6
39. fxg6 Kxg6 $10) 37... Kf7 38. Kd3 Ke7 39. Ke4 Kf6 40. Ke3 Kf7 41. Kd3 Ke7
42. Kd4 Kf7 43. Ke4 1/2-1/2

[Event "Novgorod op"]
[Site "Novgorod"]
[Date "1995.??.??"]
[Round "5"]
[White "Filippov, Valerij"]
[Black "Vyzmanavin, Alexey"]
[Result "1/2-1/2"]
[WhiteElo "2455"]
[BlackElo "2605"]
[Annotator "Dolmatov,S"]
[PlyCount "151"]
[EventDate "1995.05.??"]
[EventType "swiss"]
[EventRounds "9"]
[EventCountry "RUS"]
[SourceTitle "EXT 2000"]
[Source "ChessBase"]
[SourceDate "1999.11.16"]
[SourceVersion "1"]
[SourceVersionDate "1999.11.16"]
[SourceQuality "1"]

1. Nf3 f5 2. c4 Nf6 3. g3 g6 4. Bg2 Bg7 5. O-O O-O 6. Nc3 d6 7. d4 Qe8 8. Re1
$6 (8. b3 e5 9. dxe5 dxe5 10. e4 Nc6 11. Ba3 Rf7 12. Re1 f4 13. gxf4 Bg4 $17 {
Balashov,Y-Vyzmanavin,A/Irkutsk/1986/}) 8... Qf7 9. b3 (9. Qd3 h6 10. b3 Nc6
11. Ba3 Ne4 12. Rad1 $13 {Lukacs,P-Van Mil,J/Kobenhavn/1987/}) 9... Ne4 10. Bb2
Nc6 11. Rc1 (11. Qd3 Nxc3 12. Bxc3 e5 13. dxe5 dxe5 14. Ng5 Qe7 15. Bd5+ Kh8
16. Bxc6 bxc6 17. f4 $40 {Shneider,A-Bareev,E/URS(ch)/1990/ Inf 50/109/}) 11...
e5 12. d5 Nxc3 13. Bxc3 Ne7 $2 (13... Nb8 $1 14. Ng5 (14. Nd2 f4 $132) 14...
Qe7 $132) 14. Ng5 Qe8 (14... Qf6 15. f4 h6 16. Nf3 $16) 15. f4 $1 h6 (15... e4
16. Bxg7 Kxg7 17. Qd4+ Kg8 18. c5 h6 19. Nh3 Qf7 20. Red1 Bd7 21. Nf2 $14) 16.
Nf3 e4 17. Bxg7 Kxg7 18. Qd4+ Kh7 19. Nd2 Qf7 20. Nf1 g5 (20... Bd7 21. Ne3 g5
22. c5 $40) (20... a5 21. Ne3 b6 22. g4 Bd7 $14) 21. fxg5 $1 (21. Ne3 gxf4 22.
gxf4 Ng6 23. Rf1 b6 $132) 21... hxg5 22. g4 Kh6 (22... fxg4 23. Ng3 $40) 23.
Rc3 (23. Ng3 $6 f4 $1 24. Nxe4 Bxg4 $15) 23... fxg4 24. Bxe4 (24. Ng3 $6 Nf5
25. Nxf5+ Bxf5) 24... Bf5 (24... Nf5 $5 25. Bxf5 Bxf5 26. e4 Bd7 $132) 25. Ne3
$1 Qg7 (25... Bxe4 $2 26. Nxg4+ Kh5 27. Qxe4 $16) 26. Qxg7+ Kxg7 27. Bxf5 Nxf5
28. Nxg4 (28. Nxf5+ Rxf5 29. Re3 Raf8 30. Kg2 $14) 28... Rae8 29. Rf3 a5 $6 (
29... Nd4) 30. h3 $2 (30. Ref1 $1 Nd4 (30... Kg6 31. Ne3 $18) 31. Rxf8 Rxf8 (
31... Nxe2+ $2 32. Kf2 $18) 32. Rxf8 Kxf8 33. Kf2 $16) 30... Nd4 31. Rxf8 Rxf8
32. Kg2 $14 a4 33. e3 Nf3 34. Rc1 axb3 35. axb3 Nh4+ 36. Kg3 Rf3+ 37. Kh2 Nf5
38. Re1 Kg6 39. b4 Kh5 40. e4 Nd4 41. Re3 (41. e5 Rc3) 41... Kg6 (41... Rxe3
42. Nxe3 Nf3+ 43. Kg3 Nd2 44. e5) 42. Kg2 (42. Rxf3 Nxf3+ 43. Kg3 Nd2 44. e5
$10) 42... Rf4 $44 43. Nf2 Nc2 44. Rb3 Rf8 45. c5 Nd4 46. Ra3 Nb5 47. Ra5 Nc3
48. Ra7 Rb8 49. Nd3 Nb5 (49... Nxe4 50. c6 bxc6 51. dxc6) 50. Ra5 Nc3 51. Kf3
Rf8+ 52. Ke3 Re8 53. cxd6 (53. e5 Nxd5+ 54. Kd4 Nxb4 55. Nxb4 Rxe5 $10) 53...
cxd6 54. e5 Kf5 (54... b6 55. Ra3 Nxd5+ 56. Kd4 Nc7 $10) 55. Kd4 (55. e6 $2 b6
$17) 55... Ne2+ 56. Kc4 b6 57. Ra1 Rc8+ 58. Kb5 Nc3+ 59. Kxb6 Nxd5+ 60. Kb7
Rc7+ 61. Kb8 Rc3 62. Rf1+ Ke6 63. Rd1 Ne3 64. Rd2 Nc4 65. Rd1 Nxe5 66. Nxe5
dxe5 67. Rb1 $10 (67. b5 $4 Rb3) 67... Rxh3 68. b5 e4 69. b6 Ke5 70. b7 e3 71.
Kc7 Rh8 72. b8=Q Rxb8 73. Rxb8 Kf4 74. Rf8+ Kg3 75. Re8 Kf2 76. Rf8+ 1/2-1/2

[Event "Olympiad-32"]
[Site "Yerevan"]
[Date "1996.09.17"]
[Round "2.4"]
[White "Roca, Petronio"]
[Black "Lutz, Christopher"]
[Result "1/2-1/2"]
[WhiteElo "2350"]
[BlackElo "2565"]
[Annotator "Dolmatov,S"]
[PlyCount "80"]
[EventDate "1996.09.15"]
[EventType "team-swiss"]
[EventRounds "14"]
[EventCountry "ARM"]
[SourceTitle "CBM 055"]
[Source "ChessBase"]
[SourceDate "1996.12.01"]
[SourceVersion "1"]
[SourceVersionDate "1996.12.01"]
[SourceQuality "1"]
[WhiteTeam "Philippines"]
[BlackTeam "Germany"]
[WhiteTeamCountry "PHI"]
[BlackTeamCountry "GER"]

1. d4 f5 2. Nf3 Nf6 3. c4 g6 4. Nc3 Bg7 5. g3 O-O 6. Bg2 d6 7. O-O Qe8 8. d5
Na6 9. Rb1 Bd7 10. Nd4 (10. b4 c5 11. dxc6 Bxc6 12. b5 Bxf3 13. Bxf3 Nc5 14.
Be3 Rc8 $13 {Gelfand,B-Gurevich,M/Linares/1991/}) 10... c6 11. e4 (11. b4 c5)
11... Nxe4 12. Nxe4 fxe4 13. Bxe4 Nc7 14. dxc6 bxc6 15. Bg2 e5 16. Nb3 Bf5 17.
Ra1 d5 $2 (17... Rd8 $5 18. Be3 d5 19. cxd5 cxd5 20. Rc1 d4) 18. cxd5 cxd5 19.
Bd2 (19. Bxd5+ $5 Nxd5 20. Qxd5+ Kh8 21. Be3) 19... Bd3 $6 (19... d4 $5 20.
Bxa8 Qxa8 21. f3 Nd5) (19... Rd8 20. Ba5) 20. Bb4 (20. Re1 e4 $17) 20... Bxf1
21. Bxf8 Bxg2 22. Bxg7 Be4 23. Bh6 Qf7 24. Nd2 Bf5 (24... Bd3 25. Nf3 e4 26.
Ne5) 25. Rc1 Re8 (25... d4) 26. Qa4 Na8 (26... Ne6 27. Nf3 $14) 27. Qb5 Qd7 28.
Qa6 $6 (28. Qxd7 Bxd7 29. Rc5 Nb6 30. Nf3 $14) 28... Nb6 29. b3 $2 e4 (29... d4
30. Nc4 Nd5 (30... Bd3 $2 31. Nxb6) 31. Nd6 Re6 32. Rc8+) 30. Bf4 d4 31. Rc7
Qd5 32. Qxa7 Nd7 33. Nc4 $2 (33. Qb7 $5 Qxb7 34. Rxb7 e3 35. fxe3 dxe3 36. Nf3
Nc5 37. Rc7 Nd3 $40) 33... e3 34. fxe3 Qf3 $2 (34... Bh3 $1 35. Qb7 Qh5 36. Kf2
Nc5 (36... Qd1 $2 37. Qd5+ Kh8 38. Qxd4+) 37. Rg7+ Kh8 $19) 35. Rxd7 $10 Qd1+
36. Kf2 Qc2+ (36... dxe3+ 37. Nxe3 Qxd7 38. Qxd7 Bxd7 $10) 37. Ke1 Qc1+ 38. Kf2
Qc2+ 39. Ke1 Qc1+ 40. Kf2 Qc2+ 1/2-1/2

[Event "Poikovsky Karpov 04th"]
[Site "Poikovsky"]
[Date "2003.04.27"]
[Round "7"]
[White "Obodchuk, Andrei"]
[Black "Zvjaginsev, Vadim"]
[Result "0-1"]
[WhiteElo "2417"]
[BlackElo "2664"]
[Annotator "Erenburg,S"]
[PlyCount "94"]
[EventDate "2003.04.20"]
[EventType "tourn"]
[EventRounds "9"]
[EventCountry "RUS"]
[EventCategory "16"]
[SourceTitle "CBM 095"]
[Source "ChessBase"]
[SourceDate "2003.07.25"]
[SourceVersion "1"]
[SourceVersionDate "2003.07.25"]
[SourceQuality "1"]

1. Nf3 c5 2. c4 g6 3. d4 Bg7 4. d5 f5 5. g3 Nf6 6. Bg2 O-O 7. O-O d6 8. Nc3 Na6
9. Rb1 {White has other possibilities:} (9. e4 {1/2-1/2 Greenfeld,A-Vokac,M/
Leon 2001/CBM 86/[Tyomkin,D] (32)}) (9. Re1 Rb8 (9... Nc7 {Tyomkin,D} 10. a4
Rb8 11. Bg5 {1-0 Mittelman,G-Wall,T/Hampstead 1998/EXT 99 (42)}) 10. Rb1 Bd7
11. a4 Nb4 12. Bd2 {1-0 Stohl,I-Vokac,M/BL9293 1993/GER-chT (49)}) 9... h6 {
In previous games black tried} (9... Bd7 10. b3 Rb8 (10... Qe8 11. Bb2 Nc7 {
[%cal Gb7b5]}) (10... Nc7 11. a4 a6 12. b4 cxb4 13. Rxb4 Rb8 14. Qb3 Ne4 15.
Nxe4 fxe4 16. Ng5 a5 17. Rb6 Na6 18. Be3 $16 {Petrosian,T-Matulovic,M/Sarajevo
1972 1-0(40)}) 11. Bb2 h6 12. Re1 Qe8 13. a3 g5 14. e4 fxe4 15. Nd2 $14 {
1-0 Neverov,V-Vokac,M/Lazne Bohdanec 1996/CBM 51/[Johnson,M] (52)}) (9... Nc7
10. a4 (10. b3 Nh5 11. Bb2 f4 12. Qd2 Bf5 13. Rbe1 Qd7 14. e3 fxg3 15. fxg3 $14
{1/2-1/2 Pelletier,Y-Wirthensohn,H/Pontresina 2000/CBM 79 (40)}) 10... Rb8 11.
b3 h6 12. Ne1 a6 13. Nd3 g5 14. b4 $14 {1-0 Gaprindashvili,N-Skripchenko,A/
Kishinev 1998/CBM 63 ext (50)}) 10. Ne1 {[%cal Ye1d3]} (10. a3 Qe8 11. Qd3 Ne4
12. Bd2 ({Deserves attention:} 12. Nb5 $5 Bd7 13. Nd2 $1) 12... g5 13. Nxe4 $6
fxe4 14. Qxe4 Bf5 $15 {0-1 Bu Xiangzhi-Horvath,C/Budapest 1999/CBM 69 ext (44)}
) 10... Nc7 {[%cal Yd8e8,Yb7b5] Another option is to start to create
counterplay on the king side with immediate} (10... g5 11. Nd3 Qe8 12. f4 Qg6
13. e3 Nc7 14. Nf2 Bd7 15. Bd2 Rab8 16. a4 e6 17. e4 exd5 18. exd5 Rbe8 19. Qb3
b6 20. Rbe1 gxf4 21. Bxf4 Nh5 22. Nh3 $14 {0-1 Urban,K-Markowski,T/60th ch-POL,
Warsaw POL 2003 (86)}) 11. Nd3 Qe8 {Preparing the counterplay on the queenside
with following b7-b5.} 12. Bd2 (12. a3 a5 13. e4 Ng4 14. h3 Nf6 15. e5 Ne4 16.
Nxe4 (16. Re1 $5 $14) 16... fxe4 17. exd6 exd6 18. Re1 Bf5 19. g4 $14 {1-0
Socko,M-Jackova,J/Frydek-Mistek 1997/EXT 98 (43)}) 12... g5 13. e3 {According
to my database this position appeared at the first time. In previous game
white continued} (13. a3 Qh5 14. e4 (14. b4 $5) 14... Qxd1 15. Rbxd1 fxe4 16.
Nxe4 Bf5 17. Rfe1 b5 18. cxb5 $6 (18. b3 $11) 18... Nxb5 19. a4 Nd4 $15 {
1/2-1/2 Maia,L-Freitas,R/Sao Paulo 2000/EXT 2001 (24)}) 13... b5 14. cxb5 Nxb5
15. a4 Nxc3 16. Bxc3 Bd7 17. b3 Rb8 {Black's plan is quite simple: he is going
to play on the king side, pushing forward his pawns "g" and "h". In the next
few moves he intends to continue Qe8-g6 with following occupation of central
square e4 by the knight.} 18. Nb2 {[%cal Yb2c4]} Qg6 19. Nc4 Ne4 20. Bxg7 Qxg7
21. Qc2 {White is interested to change the most active black's piece- the
knight on e4 through Nd2.} h5 22. Rfc1 Rf7 23. Nd2 Rb4 $1 {Black choosed right
continuation- not to take on d2, but to wait for white's capture on e4, thus
his light-squared bishop will get into the game.} (23... Nxd2 24. Qxd2 Rb4 25.
Rc4 $14) 24. Nxe4 fxe4 25. Bxe4 Qe5 26. Bd3 ({Of course not} 26. Bg2 Bf5) 26...
Bg4 27. Qc3 $6 ({Better was} 27. Re1 h4 (27... Bf3 28. e4) (27... Qxd5 28. Bc4
Qf3 29. Qg6+) 28. Qd2 $13 {probably with equal chances.}) 27... Qxd5 28. Bc4 $2
{Serious mistake, after which it is very hard to white not to lose the game.} (
{Stronger was} 28. f4 Be6 $15) 28... Qf3 29. Bxf7+ (29. Rb2 Bh3 30. Bf1 Bxf1
31. Kxf1 (31. Rxf1 h4 $19) 31... h4 {and black's position is winning.}) 29...
Kxf7 30. e4 $8 Rxe4 31. Qxf3+ {Anyway white hasn't choice except of trading
the queens.} (31. Rc2 Rd4 32. Qxf3+ Bxf3) 31... Bxf3 $17 {Black has only one
pawn for an exchange, but his position is much better, thanks to the very
strong light-squared bishop and better pawn structure. Also black's rook is
active in opposite to white's ones, black monarch is going to the center,
helping to push forward his pawn majority, while his white opponent is
paralized on the first line.} 32. Rb2 (32. Rc4 {doesn't change the estimation
of position, in view of} Re2 $17) 32... e5 33. Kf1 Rd4 34. Ke1 Ke6 35. Rd2 Re4+
{Of course, black is not interested to change his active rook for the white's
passive one.} 36. Kf1 Rb4 37. Rc3 e4 38. Ke1 Ke5 39. Rdc2 a5 40. Kd2 $2 {
The decisive mistake.} ({More resistant was} 40. Rd2 $17 {, but black's
advantage is probably enough for victory.}) 40... Rd4+ $19 41. Ke3 (41. Kc1 {
doesn't change anything:} Rd1+ 42. Kb2 Rh1 $19) 41... Rd1 42. Rc1 d5 43. Rxd1
d4+ 44. Kd2 dxc3+ 45. Kc2 Bxd1+ 46. Kxd1 Kd4 47. Kc2 g4 0-1

[Event "BCF-ch 89th"]
[Site "Torquay"]
[Date "2002.08.08"]
[Round "10"]
[White "Flear, Glenn C"]
[Black "Wall, Gavin"]
[Result "1-0"]
[WhiteElo "2538"]
[BlackElo "2367"]
[Annotator "Finkel,A"]
[PlyCount "65"]
[EventDate "2002.07.29"]
[EventType "swiss"]
[EventRounds "11"]
[EventCountry "ENG"]
[SourceTitle "CBM 091"]
[Source "ChessBase"]
[SourceDate "2002.11.12"]
[SourceVersion "1"]
[SourceVersionDate "2002.11.12"]
[SourceQuality "1"]

1. d4 f5 2. g3 Nf6 3. Bg2 g6 4. Nf3 Bg7 5. O-O O-O 6. c4 d6 7. Nc3 Qe8 8. Nd5
Nxd5 9. cxd5 Qb5 10. Ng5 Na6 (10... Qb6) 11. h4 $5 {[%cal Gh4h5,Ge2e4] Very
sharp variation leading to complicated struggle with mutual chances.} (11. e4
c5 (11... c6 12. Re1 fxe4 13. dxc6 d5 14. cxb7 Qxb7 15. Nxe4 dxe4 16. Bxe4 Qb8
$13 {Peng,Z-Ioseliani,N/Shanghai 1992}) 12. dxc6 bxc6 13. exf5 Bxf5 14. Re1 d5
15. Ne6 Bxe6 16. Rxe6 Rf7 17. Re1 Qb6 $132 {Farago,I-Wall,G/Montecatini Terme
2000}) 11... c5 12. dxc6 (12. dxc5 Nxc5 13. Rb1 Bd7 14. Be3 Qc4 $6 (14... Rac8
$5) 15. b3 Qb4 16. Rc1 Rac8 17. Rc4 Qa3 18. Qd2 $14 {Pinter,J-Norri,J/Debrecen
1992}) 12... bxc6 13. a4 (13. d5 c5 14. h5 c4 15. hxg6 hxg6 16. Rb1 Nc7 17. Nh3
Rb8 18. Be3 Bb7 19. Nf4 $14 {Horvath,C-Kindermann,S/Budapest 1992}) 13... Qb6
14. d5 c5 15. h5 Rb8 16. hxg6 hxg6 17. e4 c4 {Not a bad idea, but 16...Qb3
looked even stronger.} (17... Qb3 $1 18. Qe2 Nb4 19. exf5 Bxf5 20. Ra3 Qc2 21.
Qxe7 Rbe8 22. Qxa7 Nd3 $36 {Galliamova,A-Lutz,C/Pula 1997}) 18. Qe2 Nc5 (18...
Bxb2 19. Bxb2 Qxb2 20. Qxc4 Nc5 $13) 19. exf5 Bxf5 20. Bh3 $5 {[%csl Re6]
Intending to come to e6 later on.} Bxh3 (20... Bd3 21. Be6+ Kh8 22. Qg4 Bxb2
23. Qh4+ Kg7 24. Be3 $40) 21. Nxh3 Nd3 $2 {This move weakening crucial square
e6 is the decisive mistake.} (21... Bxb2 $13) 22. Qe6+ Kh8 23. Ng5 $1 {[%csl
Rh8][%cal Ge6h3]} Rf5 (23... Rxf2 24. Be3 $18) 24. Qxg6 $18 {Now black is
forced to give up an exchange.} Rxg5 25. Bxg5 Qxb2 26. Kg2 Qe5 27. Rh1+ Kg8 28.
Rh7 {[%csl Rg7]} Rf8 (28... Qxa1 29. Bh6 Ne1+ 30. Kh3 $18) 29. Rf1 Qxd5+ 30. f3
Qe5 31. Bh6 Qb2+ (31... Rf7 32. Rb1 Qe2+ 33. Kh3 Nf2+ 34. Kh4 $18) 32. Kh3 Rf7
33. Rb1 $1 {[%csl Rg8][%cal Gb1b8]} (33. Rb1 Nf2+ 34. Kg2) 1-0